| 000 | 02126nam0a22003251 4500 | ||
|---|---|---|---|
| 001 | rc\409688 | ||
| 005 | 20231114150731.0 | ||
| 010 |
_9500 _dБеспл. |
||
| 021 |
_aRU _b88-56920 |
||
| 035 | _a(NLR Aleph) 005657718 | ||
| 090 |
_a6839638 _c6839638 |
||
| 100 | _a20030616d1988 k y0rusy50 ca | ||
| 101 | 0 | _arus | |
| 102 | _aRU | ||
| 105 | _aa j|||||||| | ||
| 200 | 1 |
_aАнатомические и топографо-анатомические особенности строений альвеолярных отростков и челюстей и их значение для лечебной практики _eметодические рекомендации для врачей стоматологических поликлиник, отделений, кабинетов, для стоматологов-интернов и субординаторов _fЛенинградский санитарно-гигиенический медицинский институт _g[составители: А.С. Иванов, А.К. Иорданишвили] |
|
| 210 |
_aЛенинград _cЛенинградский санитарно-гигиенический медицинский институт _d1988 |
||
| 215 |
_a18 с. _cил. _d20 |
||
| 606 | 1 |
_aЧелюсти _xАнатомия _jМетодические материалы _2nlr_sh1 _3RU\NLR\AUTH\66784012 |
|
| 606 | 1 |
_aХирургическая стоматология _jМетодические материалы _2nlr_sh1 _2nlr_sh2 _3RU\NLR\AUTH\661415135 |
|
| 686 | 1 | _aР665 | |
| 702 | 1 |
_aИванов _bА. С. _cд-р мед. наук, челюстно-лицевая хирургия _f1946- _gАлександр Сергеевич _3RU\NLR\AUTH\7731760 _4220 |
|
| 702 | 1 |
_aИорданишвили _bА. К. _gАндрей Константинович _4220 |
|
| 712 | 0 | 2 |
_aЛенинградский санитарно-гигиенический медицинский институт _3RU\NLR\AUTH\8816156 _4475 |
| 801 | 0 |
_aRU _bNLR _gpsbo |
|
| 801 | 1 |
_aRU _bELAR _2rusmarc |
|
| 852 |
_aNLR _j88-4/16287 |
||
| 942 | _cBOOK | ||
| 980 | _aNB | ||